000 00763nam a2200229 a 4500
003 DO-SdBNP
005 20220209075506.0
007 ta
008 220208e1954 cu ac||gr|||| 00| ebspa d
040 _aDO-SdBNP
_bsapa
_cBNPHU
082 4 _222
_bA779M
245 1 0 _aRaiz y ala:
_buna antología de Martí para la juventud /
_cAnita Arroyo
260 _aLa Amargura, La Habana, Cuba :
_bLYCEUM,
_c1954
300 _a314 p. :
_bil., retr. ;
_c26 cm.
500 _aIncluye bibliografía y notas al pié de páginas.
590 _aInventariado 2022 / MF
600 1 _919222
_aMartí, José,
_d1853-1895.
_xBiografía
650 4 _941121
_aLiteratura Cubana
_ySiglo XIX
650 4 _98888
_aMartí, José
_xColeccione de Escritos
910 _aMFeliz
942 _2ddc
_cLBS1
999 _c51381
_d51381